000 00694pam a2200253 a 4500
999 _c3740
_d3740
001 9644616
003 OSt
005 20181122114943.0
008 830607s1983 tnu 000 0 eng
010 _a83012146
020 _a0840758480 (pbk.)
040 _aDLC
_cDLC
_dCDC
082 _a133
_bS956S
092 _a130
_bS956S
100 1 _aSumrall, Lester Frank,
_d1913-1996
245 1 0 _aSupernatural principalities and powers /
_cby Lester Sumrall
260 _aNashville :
_bNelson,
_cc1983
300 _a142 p. ;
_c21 cm
500 _aTitle on cover: Supernatural principalities & powers
650 0 _aOccultism
650 0 _aSpiritualism
650 0 _aReincarnation
942 _2ddc
_cBK